| 000 | 01091nam a2200253 a 4500 | ||
|---|---|---|---|
| 999 |
_c341517 _d341517 |
||
| 003 | BLK | ||
| 005 | 20240312093355.0 | ||
| 008 | 180911b bul|||||r ||||||| ||bul|| | ||
| 010 | _a000091 | ||
| 040 | _aBLK | ||
| 041 |
_aBUL _cBUL |
||
| 080 |
_z821.163.2.09 _aБългарска литература _b821.163.2 _x.09 |
||
| 100 | 1 |
_aАрнаудов, Михаил Петров _933558 |
|
| 245 | 0 | 0 |
_aТворческата личност в литературата _bРекторска реч, произнесена на 6. дек. 1935 г. _cМ. Арнаудов |
| 260 |
_aСофия _c1929 _f(София : Придворна печ.) |
||
| 300 |
_aс. 37-57 _c23 см |
||
| 380 | _a82 | ||
| 490 |
_aЧастна колекция - Академик Михаил Арнаудов _gДарение - Основен фонд |
||
| 500 | _aОтпеч. от Год. на СУ. Официален отдел,1934-1935. - Корекции в текста | ||
| 852 | _aМА 4917 | ||
| 942 |
_cKNG _n0 _s1 |
||
| 944 |
_aCR _c1994 _k30560 _lГеновева Генчева |
||
| 999 | _d341517 | ||